[Event "29. Klatovy C 2023"]
[Site "Klatovy"]
[Date "2023.07.09"]
[Round "9.9"]
[White "Sibl, Vaclav"]
[Black "Danko, Jiri"]
[Result "0-1"]
[WhiteElo "1840"]
[BlackElo "1873"]
[PlyCount "77"]
[EventDate "2023.07.01"]
[EventType "swiss"]
[EventRounds "9"]
[EventCountry "CZE"]

1. d4 Nf6 2. Bf4 b6 3. e3 Bb7 4. Nf3 g6 5. Be2 Bg7 6. O-O O-O 7. c4 d6 8. Nc3 h6 9. h3 Nbd7 10. Qc2 c5 11. Rfd1 cxd4 12. exd4 Rc8 13. Rac1 a6 14. Qb1 Ne8 15. d5 Ne5 16. Nxe5 dxe5 17. Be3 f5 18. f3 Rf6 19. b4 Rb8 20. Qc2 Bc8 21. c5 bxc5 22. bxc5 Qa5 23. Bc4 Kh7 24. Rb1 Rb4 25. Rxb4 Qxb4 26. Qb3 Qa5 27. Na4 f4 28. Bd2 Qd8 29. Bc3 Rf5 30. Nb6 Rg5 31. Nxc8 Qxc8 32. Kf1 Qxc5 33. Bxa6 Nd6 34. Bb4 Qa7 35. Be2 Nf5 36. Rb1 Ng3+ 37. Ke1 Nxe2 38. Kxe2 Rxg2+ 39. Kd3 0-1

[Event "29. Klatovy C 2023"]
[Site "Klatovy"]
[Date "2023.07.09"]
[Round "9.10"]
[White "Mlynek, Petr"]
[Black "Kucera, Jiri"]
[Result "1/2-1/2"]
[WhiteElo "2035"]
[BlackElo "1920"]
[PlyCount "74"]
[EventDate "2023.07.01"]
[EventType "swiss"]
[EventRounds "9"]
[EventCountry "CZE"]

1. d4 d6 2. Nf3 f5 3. g3 Nf6 4. Bg2 g6 5. O-O Bg7 6. c4 O-O 7. Nc3 Qe8 8. d5 c5 9. Qc2 Na6 10. Bg5 Nc7 11. a4 Qf7 12. Rad1 a6 13. Bc1 h6 14. Nh4 Rb8 15. f4 b5 16. axb5 axb5 17. e4 b4 18. Ne2 Nxe4 19. Bxe4 fxe4 20. Qxe4 Bf5 21. Nxf5 Qxf5 22. Qxf5 gxf5 23. Rf3 Ra8 24. Re3 Rf7 25. Kf1 Ra2 26. Rb3 Na8 27. Rd2 Nb6 28. Rc2 Na4 29. Ke1 Rf8 30. Kd1 Re8 31. Ng1 Kf7 32. Nf3 Bf6 33. Re2 Nb6 34. Nd2 Na4 35. Nf3 Nb6 36. Nd2 Na4 37. Nf3 Nb6 1/2-1/2

[Event "29. Klatovy C 2023"]
[Site "Klatovy"]
[Date "2023.07.09"]
[Round "9.11"]
[White "Macho, Miloslav"]
[Black "Baumruk, Josef"]
[Result "0-1"]
[WhiteElo "1705"]
[BlackElo "1947"]
[PlyCount "112"]
[EventDate "2023.07.01"]
[EventType "swiss"]
[EventRounds "9"]
[EventCountry "CZE"]

1. Nf3 Nf6 2. b3 g6 3. Bb2 Bg7 4. e3 d5 5. Be2 O-O 6. O-O b6 7. d3 Bb7 8. Re1 Nbd7 9. Nbd2 c5 10. Rc1 Re8 11. Ne5 Qc7 12. Nxd7 Qxd7 13. Nf3 Rad8 14. d4 Ne4 15. c3 Qf5 16. Bb5 Rf8 17. Qe2 f6 18. Nd2 Nxd2 19. Qxd2 e5 20. dxc5 bxc5 21. Ba3 Rc8 22. Qe2 Qe6 23. Red1 a6 24. Ba4 Rfd8 25. h3 f5 26. Bb2 Bh6 27. Rc2 Bg5 28. c4 d4 29. exd4 cxd4 30. Bxd4 Be4 31. Bb2 Bxc2 32. Qxc2 Rxd1+ 33. Qxd1 Rd8 34. Qf3 Bf6 35. Qc3 Kf7 36. Qa5 Rd1+ 37. Kh2 e4 38. b4 Bxb2 39. Bxd1 Qd6+ 40. g3 Qxd1 41. Qc7+ Ke6 42. Qc8+ Ke7 43. Qb7+ Qd7 44. Qxa6 e3 45. c5 Qd2 46. Qb7+ Ke6 47. Qc6+ Ke5 48. Qc7+ Kd5 49. Qf4 Qxf2+ 50. Qxf2 exf2 51. Kg2 Ba3 52. Kxf2 Bxb4 53. Kf3 g5 54. g4 f4 55. h4 h6 56. hxg5 hxg5 0-1

[Event "29. Klatovy C 2023"]
[Site "Klatovy"]
[Date "2023.07.09"]
[Round "9.13"]
[White "Skopec, Lubos"]
[Black "Svec, Ludek"]
[Result "1-0"]
[WhiteElo "1824"]
[BlackElo "1614"]
[PlyCount "61"]
[EventDate "2023.07.01"]
[EventType "swiss"]
[EventRounds "9"]
[EventCountry "CZE"]

1. e4 c5 2. c3 e6 3. d4 cxd4 4. cxd4 Bb4+ 5. Nc3 Nf6 6. Bd3 d5 7. e5 Nfd7 8. Qg4 g6 9. Bh6 Nc6 10. Nge2 a6 11. O-O Bf8 12. Bxf8 Rxf8 13. Rac1 f5 14. Qf4 Qe7 15. Na4 g5 16. Qd2 h5 17. Nc5 Nxc5 18. Rxc5 Bd7 19. Rfc1 Kf7 20. b4 Rfc8 21. a3 b6 22. R5c3 b5 23. Rc5 h4 24. Bb1 Rab8 25. Qd3 Rb6 26. Nc3 Rcb8 27. Ba2 Qe8 28. Bxd5 exd5 29. Nxd5 Qd8 30. Nxb6 Qxb6 31. Rxc6 1-0

[Event "29. Klatovy C 2023"]
[Site "Klatovy"]
[Date "2023.07.09"]
[Round "9.14"]
[White "Burgermeister, Michal"]
[Black "Vachal, Josef"]
[Result "1/2-1/2"]
[WhiteElo "1745"]
[BlackElo "1762"]
[PlyCount "26"]
[EventDate "2023.07.01"]
[EventType "swiss"]
[EventRounds "9"]
[EventCountry "CZE"]

1. d4 Nf6 2. c4 e6 3. Nc3 Bb4 4. Qc2 O-O 5. Nf3 d5 6. e3 Nbd7 7. Bd3 c5 8. O-O cxd4 9. exd4 dxc4 10. Bxc4 Nb6 11. Bd3 h6 12. a3 Be7 13. Bf4 Nbd5 1/2-1/2

[Event "29. Klatovy C 2023"]
[Site "Klatovy"]
[Date "2023.07.09"]
[Round "9.15"]
[White "Vavrinek, Tomas"]
[Black "Rezny, Frantisek"]
[Result "1/2-1/2"]
[WhiteElo "1698"]
[BlackElo "1476"]
[PlyCount "56"]
[EventDate "2023.07.01"]
[EventType "swiss"]
[EventRounds "9"]
[EventCountry "CZE"]

1. d4 d5 2. Nf3 Bg4 3. e3 Nf6 4. c4 e6 5. Be2 dxc4 6. Qa4+ c6 7. Qxc4 Nbd7 8. Nc3 Bxf3 9. Bxf3 Be7 10. O-O O-O 11. Bd2 Rc8 12. Qb3 b5 13. Rfd1 b4 14. Ne4 a5 15. Rac1 Nd5 16. Ng3 f5 17. e4 fxe4 18. Nxe4 N7f6 19. Nc5 Bxc5 20. dxc5 Nd7 21. Re1 Qf6 22. Re2 Ne5 23. Bxd5 exd5 24. Qg3 Nc4 25. Bg5 Qg6 26. b3 Na3 27. Bf4 Qxg3 28. Bxg3 Nb5 1/2-1/2

[Event "29. Klatovy C 2023"]
[Site "Klatovy"]
[Date "2023.07.09"]
[Round "9.16"]
[White "Novotny, Jaromir"]
[Black "Prachar, Josef"]
[Result "1/2-1/2"]
[WhiteElo "1681"]
[BlackElo "1732"]
[PlyCount "43"]
[EventDate "2023.07.01"]
[EventType "swiss"]
[EventRounds "9"]
[EventCountry "CZE"]

1. e4 c5 2. b4 cxb4 3. d4 d5 4. e5 Nc6 5. Nf3 Bg4 6. Be2 e6 7. O-O Nge7 8. Bb2 Ng6 9. Nbd2 Be7 10. h3 Bxf3 11. Nxf3 Nf4 12. Bc1 Nxe2+ 13. Qxe2 O-O 14. a3 Qd7 15. axb4 Bxb4 16. Qd3 Be7 17. c3 Rfc8 18. Bd2 h6 19. Nh2 Bf8 20. Qg3 Kh8 21. f4 Ne7 22. Qf3 1/2-1/2

[Event "29. Klatovy C 2023"]
[Site "Klatovy"]
[Date "2023.07.09"]
[Round "9.17"]
[White "Sykora, Vaclav"]
[Black "Jezikowska, Nadzieja 1962"]
[Result "1/2-1/2"]
[WhiteElo "1380"]
[BlackElo "1299"]
[PlyCount "26"]
[EventDate "2023.07.01"]
[EventType "swiss"]
[EventRounds "9"]
[EventCountry "CZE"]

1. c4 e5 2. Nc3 d6 3. Nf3 Nd7 4. d3 c6 5. e3 Ngf6 6. Be2 Be7 7. O-O O-O 8. b3 d5 9. d4 exd4 10. Nxd4 a6 11. cxd5 Nxd5 12. Nxd5 cxd5 13. Bb2 Bf6 1/2-1/2

[Event "29. Klatovy C 2023"]
[Site "Klatovy"]
[Date "2023.07.09"]
[Round "9.18"]
[White "Berka, Lubos"]
[Black "Novy, Jaroslav"]
[Result "1-0"]
[WhiteElo "1715"]
[BlackElo "1482"]
[PlyCount "97"]
[EventDate "2023.07.01"]
[EventType "swiss"]
[EventRounds "9"]
[EventCountry "CZE"]

1. e4 e6 2. d4 d5 3. Nd2 c5 4. Ngf3 cxd4 5. exd5 Qxd5 6. Bc4 Qd6 7. Nb3 Nc6 8. O-O Nf6 9. Nbxd4 Nxd4 10. Qxd4 Qxd4 11. Nxd4 a6 12. Bg5 Ne4 13. Be3 Be7 14. Be2 e5 15. Nb3 O-O 16. Rfd1 Be6 17. f3 Nf6 18. Nc5 Bd5 19. Nd7 Nxd7 20. Rxd5 Rad8 21. Rad1 Nb8 22. Bb6 Rxd5 23. Rxd5 Bf6 24. c3 Re8 25. Bd3 g6 26. Be4 Re6 27. Bd8 Kg7 28. Bxf6+ Kxf6 29. Rd8 Nc6 30. Rd7 Re7 31. Bxc6 bxc6 32. Rd8 Re6 33. Kf1 Ke7 34. Rb8 Rd6 35. Ke2 h5 36. b4 c5 37. bxc5 Rc6 38. Rb7+ Kf8 39. Rb6 Rxc5 40. Rxa6 Rxc3 41. a4 Ra3 42. Ra7 Kg7 43. a5 Kf6 44. a6 Ke6 45. Ra8 f6 46. g4 hxg4 47. fxg4 f5 48. a7 Kf7 49. Rh8 1-0

[Event "29. Klatovy C 2023"]
[Site "Klatovy"]
[Date "2023.07.09"]
[Round "9.19"]
[White "Stanke, Vilem"]
[Black "Tomecek, Marian"]
[Result "1-0"]
[WhiteElo "1306"]
[BlackElo "1294"]
[PlyCount "73"]
[EventDate "2023.07.01"]
[EventType "swiss"]
[EventRounds "9"]
[EventCountry "CZE"]

1. e4 e5 2. Nf3 Nc6 3. d4 exd4 4. Nxd4 Nxd4 5. Qxd4 c5 6. Qd1 Qc7 7. Bc4 d6 8. Qf3 Nf6 9. Bg5 Be7 10. Nc3 O-O 11. Bxf6 Bxf6 12. Nd5 Qa5+ 13. c3 Bd8 14. O-O Be6 15. a3 Bxd5 16. Bxd5 Qb6 17. b4 Bf6 18. Rab1 Rab8 19. c4 cxb4 20. Rxb4 Qc7 21. Rfb1 b6 22. Qb3 Bd4 23. Qd3 Bc5 24. R4b3 Qe7 25. R3b2 Bxa3 26. Qxa3 Qc7 27. Qa6 h6 28. Ra2 Qc5 29. Qxa7 Qd4 30. Rab2 Qf6 31. Rxb6 Qd4 32. Qa6 Kh7 33. g3 f5 34. Rxb8 Rf6 35. Qa1 Qd2 36. R8b7 fxe4 37. Qxf6 1-0